[Event "CB-Emu swiss"]
[Site "?"]
[Date "2017.03.15"]
[Round "1"]
[White "Glasgow, Mephisto"]
[Black "Chess Champion MK II, Novag"]
[Result "1-0"]
[WhiteElo "1920"]
[BlackElo "1090"]
[Annotator "Fritz 15 (60s)"]
[PlyCount "65"]
[EventDate "2017.??.??"]
[TimeControl "40/7200:40/7200:40/7200"]

{D00: Damenbauernspiele} 1. d4 Nf6 2. Nf3 d5 3. Bg5 Bg4 4. Nc3 {0.11/5 (b1c3
b8c6 f3e5) 194} Nc6 5. e3 {0.11/5 (e2e3 f6e4 g5f4) 194} e6 6. Bd3 {0.09/5 
(f1d3 f8d6 h2h3) 194} (6. Bb5 Bb4 7. O-O Qd7 8. h3 Bxf3 9. Qxf3 Bd6 10. Bxf6
gxf6 11. Qxf6 Be7 12. Qxh8+ Bf8 13. Qxh7 Qd6 14. Bxc6+ Qxc6 15. Qh4 Qd6 16. e4
dxe4 17. Nxe4 Qb4 18. Nf6+ Kd8 19. Nh7+ Be7 20. Qe4 Qxb2 {Chammas,K-Zarzour,J
Beirut 2014 1-0}) 6... Bb4 $146 (6... Bd6 7. O-O O-O 8. Rc1 (8. h3 Bf5 9. Re1
Re8 10. e4 dxe4 11. Bxe4 Qd7 12. Bxf6 g6 13. Ne5 Nxe5 14. dxe5 Bxe4 15. Nxe4
Qc8 16. Nxd6 Qd7 17. Nxe8 Qxd1 18. Raxd1 Rxe8 19. Rd2 {1-0 (19) Lum,M-Tang,Y
Singapore 2008}) 8... Qe7 9. Qe2 h6 10. Bh4 e5 11. dxe5 Bxe5 12. Qd2 Bxf3 13.
gxf3 Bd6 14. Rce1 Qe5 15. Bg3 Qh5 16. f4 Ne5 17. fxe5 Bxe5 18. Bxe5 Ng4 19.
Bxc7 g5 20. Bf5 Rac8 21. Bd6 {Milt,J-Gisy,G Stade 2007 0-1}) (6... Be7 7. O-O
e5 8. Be2 exd4 9. exd4 O-O 10. Bxf6 Bxf6 11. Re1 Re8 12. h3 Bxf3 13. Bxf3 Rxe1+
14. Qxe1 Nxd4 15. Qd1 c6 16. Bg4 Qd6 17. g3 Re8 18. Ne2 Nxe2+ 19. Bxe2 Bxb2 20.
Rb1 Qe5 21. Kg2 {Kulieva,O-Hlebik,E Ukraine 1999 1-0 (37)}) 7. O-O {0.40/5 
(e1g1 b4c3 e1g1) 194} h6 {Schwarz droht Materialgewinn: h6xg5} 8. Bf4 {0.39/5 
(g5f4 f6h5 f4e5) 194} O-O 9. h3 {0.42/5 (h2h3 g4h5 h2h3) 194} Bh5 10. a3 {
0.17/5 (a2a3 b4d6 f4d6) 194. Weiß droht Materialgewinn: a3xb4} Bd6 11. Bg3 {
-0.23/5 (f4g3 d6g3 f2g3) 194} Bxg3 12. fxg3 {-0.23/7 (f2g3 h5f3 d1f3) 194.
Weiß hat neue Doppelbauern: g2+g3} Qd6 {Schwarz droht Materialgewinn: Dd6xg3}
(12... Bxf3 13. Qxf3 e5 14. Qf2 $11) 13. g4 {-0.08/6 (g3g4 h5g6 d3g6) 194} Bg6
14. Bxg6 {-0.04/5 (d3g6 f7g6 d3g6) 194} fxg6 15. g5 {0.34/5 (g4g5 f6h5 g5h6)
194} hxg5 16. Nxg5 {0.78/5 (f3g5 d6g3 g5f3) 194. Der Springer ist wirkungsvoll
plaziert.} b6 (16... e5 17. Nb5 Qd7 18. Qd2 $11) 17. Qd3 $14 {1.20/5 (d1d3
e6e5 c3b5) 194} Ne7 18. Nb5 {2.05/5 (c3b5 d6c6 b5c7) 194. Weiß droht
Materialgewinn: Sb5xd6} (18. e4 Qd7 $16) 18... Qc6 19. Nxe6 {1.09/5 (g5e6 c6e6
g5e6) 194} (19. Nf3 $142 $5 $14 {sieht noch spielbar aus}) 19... Qxe6 $15 20.
Nxc7 {1.09/6 (b5c7 e6e4 c7a8) 194. Weiß gabelt: a8+e6} Qc8 21. Nxa8 {1.70/6 
(c7a8 c8a8 c2c4) 194} Qxa8 22. c4 {1.83/6 (c2c4 e7f5 c2c4) 194} dxc4 23. Qxc4+
{1.84/6 (d3c4 a8d5 c4a6) 195.} Qd5 {Schwarz droht Materialgewinn: Dd5xc4} (
23... Kh7 24. Qd3 Nf5 25. Rae1 $11) 24. Qa4 {1.84/5 (c4a4 e7f5 a1e1) 194} (24.
Qxd5+ $142 Nexd5 25. Rae1 $11) 24... Qd7 $4 {gibt den Vorteil aus der Hand} (
24... Nf5 $142 $15 {war die einzige Möglichkeit, noch zu kämpfen}) 25. Qxd7
$18 {1.86/6 (a4d7 f6d7 f1f8) 194} Nxd7 26. Rac1 {1.90/7 (a1c1 d7f6 e3e4) 194} (
26. Rxf8+ Kxf8 27. Kf2 Nf6 $18) 26... Rxf1+ $2 (26... Nf5 $142 27. e4 Nxd4 28.
Rxf8+ Nxf8 $16) 27. Kxf1 $18 {1.93/7 (g1f1 e7f5 c1c7) 194} Kf7 (27... Nf6 28.
Ke2 Ne8 29. e4 $18) 28. Rc7 {3.00/7 (c1c7 f7e6 c7a7) 194} Ke6 29. Rxa7 {
3.00/7 (c7a7 e7f5 f1e2) 194} g5 (29... Nf6 {hilft auch nicht mehr} 30. Rb7 Nd7
31. e4 $18) 30. Ke2 {3.02/6 (f1e2 e7f5 a3a4) 194} (30. e4 $142 {ginge schneller
} Nc8 31. Rc7 Ne7 $18) 30... g6 (30... Kd6 {ändert den Lauf der Dinge nicht}
31. Kd3 Nc6 32. Ra6 $18) 31. e4 {3.17/6 (e3e4 e7c8 a7c7) 194} b5 (31... Nc8 {
bietet noch letzte Rettungschancen} 32. Rc7 Ne7 $18) 32. d5+ {4.45/6 (d4d5
e6d6 a7a6) 194} Kd6 33. Ra6+ {unterminated} (33. Ra6+ Kc5 34. Re6 Nxd5 35. exd5
Kxd5 36. Rxg6 $18) 1-0

[Event "CB-Emu swiss"]
[Site "?"]
[Date "2017.03.15"]
[Round "1"]
[White "Chess Champion Pocket Chess, Novag"]
[Black "Constellation Forte B, Novag"]
[Result "0-1"]
[WhiteElo "1100"]
[BlackElo "1920"]
[Annotator "Fritz 15 (60s)"]
[PlyCount "32"]
[EventDate "2017.??.??"]

{A00: Unregelmäßige Eröffnungen} 1. Nc3 c5 2. Nf3 d5 3. e4 dxe4 (3... d4 4.
Ne2 Nc6 (4... g6 5. Ng3 Bg7 6. Bc4 Nc6 7. O-O Nf6 8. d3 O-O 9. a3 Ne8 10. Ne1
Nd6 11. Ba2 e6 12. f4 b5 13. e5 Ne8 14. Ne4 Qb6 15. g4 f6 16. exf6 Nxf6 17.
Nxf6+ Rxf6 18. Qe2 Kh8 19. Nf3 {Taranenko,E (1934)-Voronov,Y (2294) Yuzhny
2011 0-1 (50)}) 5. Ng3 h5 6. Bc4 h4 7. Ne2 Bg4 8. Nf4 e6 9. h3 Bxf3 10. Qxf3
Bd6 11. Bb5 Rc8 12. Bxc6+ Rxc6 13. Ne2 e5 14. Qb3 Qd7 15. c4 Ne7 16. O-O g5 17.
Qf3 Bc7 18. d3 {Mestrovic,Z (2440)-Stanojevic,B (2330) Pula 1990 1/2-1/2 (46)})
4. Nxe4 e5 $146 (4... e6 5. Bb5+ Bd7 6. Qe2 a6 7. Bxd7+ Nxd7 8. b3 Ngf6 9. Bb2
Be7 10. d3 Qc7 11. O-O O-O 12. Rfe1 b5 13. Nxf6+ Bxf6 14. Bxf6 Nxf6 15. Qe5
Rac8 16. a4 Nd5 17. axb5 axb5 18. Qxc7 Rxc7 19. Ra5 {Tomb,M (2133)-Laframboise,
M (2117) Montreal 2004 1-0 (60)}) (4... b6 5. Bb5+ Nd7 6. Ne5 Qc7 7. Nxf7 Qf4
8. Neg5 h6 9. d4 Qxd4 10. Qxd4 cxd4 11. Nxh8 hxg5 12. Bxg5 Bb7 13. O-O-O e5 14.
Rhe1 {1-0 (14) Tolonen,J (2107)-Luukkonen,T (2232) Oulu 2004}) (4... Nc6 5. Bc4
e6 6. O-O Be7 7. b3 Nf6 8. Qe2 O-O 9. Bb2 a6 10. a4 b6 11. Rad1 Nd4 12. Nxd4
cxd4 13. c3 Bb7 14. Ng5 Nd5 15. Nf3 Nf4 16. Qe5 Bxf3 17. gxf3 Bd6 {0-1 (17)
Peters,T (1126)-Onken,A (1667) Schoenhagen 2009}) 5. Nxe5 $4 {danach wendet
sich das Blatt.} (5. Bc4 $142 {ist noch spielbar} Nc6 6. O-O $16) 5... Qd4 {
Schwarz droht Materialgewinn: Dd4xe5. Schwarz gabelt: e5+e4} 6. Bb5+ Nd7 (6...
Bd7 $142 7. O-O Qxe5 $15) 7. Bxd7+ $4 {vergibt den Vorteil} (7. Qe2 $142 Qxe5
8. d4 $16) 7... Bxd7 $19 8. d3 Qxe5 9. f4 (9. O-O O-O-O $19) 9... Qd4 10. c3
Qd5 11. O-O (11. c4 Qf5 $19) 11... O-O-O 12. Qe2 (12. Re1 Bc6 13. Qg4+ f5 $19)
12... f5 (12... Bc6 {gibt noch größeren Vorteil} 13. Ng5 $19) 13. c4 (13. Ng5
Bc6 $19) 13... Qe6 14. Nc3 Qxe2 15. Nxe2 Be6 (15... Bc6 {und Schwarz hätte es
noch leichter} 16. Rd1 $19) 16. Re1 (16. Rf3 Nf6 $19) 16... Rxd3 0-1

[Event "CB-Emu swiss"]
[Site "?"]
[Date "2017.03.15"]
[Round "?"]
[White "Chesster Chess Challenger, Fidelity"]
[Black "Chess Challenger Voice Advanc, Fidelity"]
[Result "1-0"]
[WhiteElo "1935"]
[BlackElo "1265"]
[Annotator "Fritz 15 (60s)"]
[PlyCount "63"]
[EventDate "2017.??.??"]

{C89: Spanische Partie (Marshall-Angriff)} 1. e4 e5 2. Nf3 Nc6 3. Bb5 a6 4. Ba4
Nf6 5. O-O Be7 6. Re1 b5 7. Bb3 O-O 8. c3 d5 9. exd5 Nxd5 10. Nxe5 Nxe5 11.
Rxe5 c6 12. d4 Bd6 13. Re1 Qh4 14. g3 Qh3 15. Be3 Bg4 16. Qd3 Rae8 17. Nd2 Re6
18. Bxd5 cxd5 {Bis hierher spielten beide Kontrahenten aus dem Buch. Wow...}
19. a4 Bf5 $146 (19... bxa4 20. Rxa4 Rfe8 21. Qf1 f5 22. Qxh3 Bxh3 23. Nf3 h6
24. Rxa6 f4 25. Rxd6 Rxd6 26. Bxf4 Rxe1+ 27. Nxe1 Ra6 28. f3 Ra2 29. Nd3 Bf5
30. Nb4 Rxb2 31. Nxd5 Bh3 32. Be3 Bg2 33. Nb4 Bxf3 34. d5 {Egitov,A (2021)
-Lavrov,M (2374) Berdsk 2010 0-1 (73)}) (19... b4 20. Qf1 Qh5 21. c4 dxc4 22.
Qxc4 g5 23. d5 Rh6 24. h4 Rc8 25. Qd3 gxh4 26. Bxh6 hxg3 27. fxg3 Qxh6 28. Rac1
Rxc1 29. Rxc1 Bb8 30. Qd4 Bd7 31. Rc2 Qh5 32. Ne4 Be5 33. Qd2 Bxa4 34. d6 {
Tal,M-Krogius,N Yerevan 1962 1-0 (37)}) (19... f5 20. Qf1 Qh5 21. f4 g5 22.
axb5 a5 23. Qf2 Qe8 24. Nf3 Bxf3 25. Qxf3 Re4 26. Kh1 Qxb5 27. Re2 Qd3 28. Rae1
g4 29. Qf2 Rfe8 30. Kg1 a4 31. Kg2 a3 32. bxa3 Bxa3 33. Kh1 Bd6 34. Kg2 {
Rozenberg,S-Smirnov,A Moscow 1963 0-1 (58)}) (19... bxa4 $142 $5 {sieht gut aus
} 20. Qf1 Qh5 $11) 20. Qf1 Qxf1+ 21. Nxf1 b4 22. cxb4 Bxb4 23. Bd2 {Weiß
droht Materialgewinn: Ld2xb4} Rb8 24. Bc3 Bxc3 25. bxc3 Rg6 $2 {Da hat trotz
Beschleunigung und langer Bedenkzeit der Horizonteffekt zugeschlagen... 25. ...
h6 und alles ist gut} (25... Kf8 $142 $5 $14 {ist zu erwägen}) 26. Re5 $16 Be4
27. Nd2 f6 (27... Re6 28. Rxe6 fxe6 29. Nxe4 dxe4 30. Re1 $16) 28. Rh5 Rc8 (
28... Rg5 29. Rxg5 fxg5 30. Nxe4 dxe4 31. c4 $18) 29. c4 (29. Rc1 f5 30. Nxe4
dxe4 31. Rxf5 Rd6 $18) 29... Rd8 $2 {Nicht besonders vorteilhaft. Aber selbst
mit ca. 12facher Beschleunigung und auf Analysestufe kommt er eben gerade bis
zum 5. HZ. Und dafür hält er sich gar nicht mal schlecht.} (29... f5 $5 30.
c5 Rf6 $16) 30. f3 (30. Nxe4 $5 {wäre im Gewinnsinne präziser} dxe4 31. d5
Rf8 $18) 30... Bd3 31. Rxd5 $6 {Das war auch nicht das Beste. Warum nicht c5?}
(31. cxd5 Rg5 32. Rxg5 fxg5 $18) 31... Rxg3+ $4 {Keine Ahnung, was er da
gesehen haben will. Aber damit ist die Partie leider vorzeitig vorbei.. der
letzte Fehler} (31... Rxd5 $142 32. cxd5 Rg5 $18) 32. hxg3 (32. hxg3 Rxd5 33.
cxd5 $18) 1-0

[Event "CB-Emu swiss"]
[Site "?"]
[Date "2017.03.16"]
[Round "1"]
[White "Chess Challenger 10B, Fidelity"]
[Black "Par Excellence, Fidelity"]
[Result "0-1"]
[WhiteElo "1275"]
[BlackElo "1940"]
[Annotator "Fritz 15 (60s)"]
[PlyCount "26"]
[EventDate "2017.??.??"]

{D07: Damengambit (Tschigorin-Verteidigung)} 1. d4 d5 2. c4 Nc6 {Ich hätte ja
eher gedacht, dass der kleine 10B eröffnungstheoretisch seltsame Wege gehen
würde... aber weit gefehlt...} 3. cxd5 Qxd5 4. Nf3 Qa5+ $146 (4... e6 5. Nc3 (
5. a3 Nf6 6. Nc3 Qd8 7. Bf4 a6 8. e3 Bd6 9. Bg3 O-O 10. Bd3 Re8 11. O-O Bxg3
12. hxg3 Qd6 13. Rc1 e5 14. Ne4 Nxe4 15. Bxe4 exd4 16. Bxc6 bxc6 17. Nxd4 c5
18. Nb3 Qxd1 19. Rfxd1 Rb8 {Doan,P-Lane,C Sydney 1995 1/2-1/2 (77)}) 5... Bb4
6. a3 Bxc3+ 7. bxc3 Nf6 8. e3 O-O 9. c4 Qd8 10. Bb2 b6 11. Bd3 Bb7 12. Qc2 Ne7
13. O-O-O Ng6 14. h4 Nh5 15. Rh3 f5 16. Ng5 Qe8 17. f3 h6 18. g4 Nf6 19. gxf5 {
Gunsberg,I-Chigorin,M Hannover 1902 1-0 (34)}) (4... Bg4 5. Nc3 Qa5 6. e3 (6.
d5 O-O-O 7. Bd2 Bxf3 8. gxf3 Ne5 9. e4 e6 10. a3 c6 11. f4 Ng6 12. dxc6 Rd4 13.
cxb7+ Kb8 14. Ne2 Rxd2 15. Qxd2 Qb6 16. Qd7 Qxb7 17. Qd8+ Qc8 18. Qxc8+ Kxc8
19. Bg2 Nf6 20. O-O {1-0 (20) Ojanen,K-Johannessen,S Leipzig 1960}) 6... Nf6 (
6... e5 7. Be2 exd4 8. Nxd4 Bxe2 9. Qxe2 Bb4 10. Bd2 Nge7 11. Nxc6 Nxc6 12. O-O
O-O 13. a3 Be7 14. Nb5 Qb6 15. Bc3 Rfd8 16. Rfd1 a6 17. Nd4 Nxd4 18. Bxd4 c5
19. Bc3 Qc6 20. Rac1 b5 21. Qc2 {Wagstaff,R-Harris,P Torbay 1960 0-1 (47)}) 7.
Bd2 e6 8. Bb5 Qb6 9. h3 Bxf3 10. Qxf3 O-O-O 11. Rc1 Nb4 12. Qe2 a6 13. Bc4 Qc6
14. O-O Ne4 15. Nxe4 Qxe4 16. f3 Qh4 17. Bxb4 Bxb4 18. Bxa6 Bd6 19. Bd3 {
Alber,H (2325)-Masternak,G (2360) Yaroslavl 1990 1-0 (38)}) 5. Nc3 Nf6 6. d5 $2
{in frühem Stadium schon der erste Fehler.... Wei� droht Materialgewinn: d5xc6
} (6. Bd2 Qf5 $14) 6... Nb4 $11 7. e4 (7. Bd2 $5 {ist zu überlegen} Qb6 8. Rc1
Nbxd5 9. Nxd5 Nxd5 10. e4 $11) 7... Nxe4 $15 8. Bb5+ Bd7 $4 {hm... ich hätte
c6 gespielt.. wirft den Vorteil weg} (8... c6 $142 {bringt noch Rettung} 9.
dxc6 bxc6 $15) 9. Bxd7+ $18 Kxd7 {Ob der ParEx weiss, dass es gegen diesen
Gegner eigentlich egal ist ob der König in der Mitte oder sonstwo steht???}
10. Ne5+ $4 {verständlich, den König gleich anzugreifen, aber leider ein
Fehler, zumal es an der Unterstützung anderer Figuren mangelt.. Wei� gabelt:
f7. danach kann Weiß alle Träume begraben} (10. O-O $142 {mit klarem Vorteil
für Weiß} Nf6 11. Ne5+ Ke8 12. Qb3 $18) 10... Ke8 $11 {Schwarz hat eine
gedrückte Stellung. Die schwarze Figur kann nicht ziehen: f8} 11. Nc4 $2 {
schlecht. Angesichts der schwarzen Springer sollte man die schwarze Dame nicht
unbedingt nach c5 treiben...} (11. Qf3 $5 Nxc3 12. Qxf7+ Kd8 13. O-O Ne2+ 14.
Kh1 Qxd5 15. Be3 Qxf7 16. Nxf7+ Ke8 17. Nxh8 $11) 11... Qc5 {und das war
witzigerweise auch noch gepondert. Ich dachte beim Pondern nimmt man die
bestmögliche Antwort des Gegners als Grundlage, nicht die schlechtest
mögliche... Schwarz droht Matt} (11... Nxc3 $142 12. bxc3 Qxd5 13. Qa4+ Nc6
$17) 12. Qa4+ $2 (12. Ne3 $142 {und Weiß spielt mit} Nxc3 13. bxc3 Qxc3+ 14.
Bd2 Nd3+ 15. Ke2 Nf4+ 16. Kf3 $15) 12... c6 $19 13. dxc6 $4 {absolute
Suizidtendenz. ... Weiß hätte sowieso bald aufgeben können.} (13. O-O b5 14.
Nxe4 Qxc4 15. Qa5 Qxe4 16. dxc6 Nxc6 17. Qa6 $19) 13... Qxf2+ {... und ParEx
kündigt ein Matt in 7 an. Das wars... Kurz und schmerzlos.} (13... Qxf2+ 14.
Kd1 Rd8+ 15. Nd5 Rxd5+ 16. Bd2 Rxd2+ 17. Kc1 Nd3+ 18. Kb1 Rxb2+ 19. Nxb2 Qxb2#)
0-1

[Event "CB-Emu swiss"]
[Site "?"]
[Date "2017.03.16"]
[Round "1"]
[White "Designer 2100 Display, Fidelity"]
[Black "Chess Challenger 7B, Fidelity"]
[Result "1-0"]
[WhiteElo "1950"]
[BlackElo "1410"]
[Annotator "Fritz 15 (60s)"]
[PlyCount "25"]
[EventDate "2017.??.??"]

{C25: Wiener Partie} 1. e4 e5 2. Nc3 {und auch hier findet die Bibliothek ein
frühes Ende. Der 7B rechnet} Nc6 3. Bc4 Qg5 {Ach du heiliges Kanonenrohr...
und was er da so rechnet} (3... f5 4. exf5 Nf6 5. d3 Bb4 6. Bg5 d5 7. Bxf6 gxf6
8. Qh5+ Ke7 9. Bb3 Nd4 10. O-O-O c6 11. f4 Qe8 12. Qh4 Nxf5 13. Qf2 Kd6 14.
Ne4+ Kc7 15. Nxf6 Qe6 16. Ne4 Qe7 17. Ng3 Bc5 18. Nxf5 {Kivisto,M (2330)
-Pyhala,A (2340) Pori 1986 0-1 (41)}) (3... Bb4 4. Nge2 d6 5. O-O b6 6. a3 Bxc3
7. Nxc3 Nf6 8. d3 O-O 9. Bg5 Bb7 10. Nd5 Nd4 11. Nxf6+ Kh8 12. Nxh7 f6 13. Nxf8
Qxf8 14. Qh5# {1-0 (14) Hinzpeter,S-Von Hielmcrone,C Germany 1994}) 4. Nf3 Qxg2
$4 $146 {da fällt mir nur ein Lied ein... Das ist Wahnsinn... warum schickst
Du mich in die Hölle.... und es geht weiter bergab} (4... Qg6 5. d3 Bb4 6. O-O
Bxc3 7. bxc3 Nge7 8. Ng5 O-O 9. f4 exf4 10. Bxf4 d6 11. Nxf7 Rxf7 12. Bxf7+
Qxf7 13. Bxd6 Qg6 14. Bxc7 Be6 15. Qf3 Rc8 16. Qg3 Qxg3 17. Bxg3 Ng6 18. c4 Nd4
19. Rf2 {Avirovic,D-Tomovic,V Zagreb 1949 1/2-1/2 (49)}) (4... Qg6 $142 $16) 5.
Rg1 $18 Qh3 6. Bxf7+ $1 {glänzend gespielt} Kd8 (6... Kxf7 7. Ng5+ Ke7 (7...
Ke8 8. Nxh3 {Kombination}) (7... Kf6 8. Qf3+ {Hinlenkung Doppelangriff}) (7...
Kg6 8. Ne6+ {Doppelangriff}) 8. Nd5+ Kd6 (8... Kd8 9. Nxh3 {Zwischenzug}) (8...
Ke8 9. Nxh3 {Zwischenzug}) 9. Nxh3 {Zwischenzug}) 7. Rg3 (7. d4 exd4 8. Nd5 Bd6
9. Rxg7 b6 10. Bg5+ Nge7 11. Nxd4 Bb7 12. Nxc6+ Bxc6 13. Bxe7+ Bxe7 14. Nxe7
Bb5 $18) 7... Qh6 {Hölle hölle hölle hölle....} 8. d4 Qd6 9. dxe5 {Man
hätte die fröhliche Jagd jetzt auch mit d5 fortsetzen können...} (9. Bxg8
$142 Rxg8 10. Bg5+ Be7 11. Nd5 exd4 12. Bf4 $18) 9... Qb4 $4 {Schwarz hätte
sowieso bald aufgeben können} (9... Qxd1+ $142 10. Nxd1 Ke7 $18) 10. Ng5 Bc5 {
Autsch... das geht schief...} (10... d6 {verlängert das Leiden} 11. a3 Qd4 $18
) 11. Ne6+ {und da heisst es wir Menschen würden Anti-Computer-Schach spielen.
.. Wenn man bedenkt, dass der 7B aufgrund der Beschleunigung auf einer Stufe
spielt in der er normal 20 Minuten rechnet, dann ist das Ergebnis noch nicht
mal den Begriff armselig wert.} Ke7 12. Rxg7 {und matt in wenigen Zügen.. .}
dxe6 (12... Bxf2+ {macht keinen großen Unterschied} 13. Kxf2 Qc5+ 14. Nxc5 Kf8
15. Bh5 Nxe5 16. Qd5 Nh6 17. Qxe5 Ng4+ 18. Bxg4 d6 19. Qe7#) 13. Bg6+ (13. Bg6+
Kf8 14. Qf3+ Kxg7 15. Qf7#) (13. Bh5+ Kf8 14. Qf3+ Kxg7 15. Qf7#) 1-0

[Event "CB-Emu swiss"]
[Site "?"]
[Date "2017.03.16"]
[Round "1"]
[White "Conquistador, Saitek"]
[Black "Excel 68000, Fidelity"]
[Result "0-1"]
[WhiteElo "1500"]
[BlackElo "1960"]
[Annotator "Fritz 15 (60s)"]
[PlyCount "52"]
[EventDate "2017.??.??"]

{A28: Englische Eröffnung (Vierspringer-Variante)} 1. c4 e5 2. Nc3 Nc6 {
Tja, und da war es aus mit dem Buch des Conquistador... enttäuschend.} 3. e4
Nf6 4. Nf3 Bc5 5. Nxe5 Nxe5 6. d4 Bb4 7. dxe5 Nxe4 8. Bd2 $6 {Man will es ja
nicht direkt einen Fehler nennen, aber gut war das nicht...} (8. Qd3 Nxc3 9.
bxc3 Ba5 10. Ba3 Qg5 11. Qd4 d6 12. exd6 O-O 13. Be2 Re8 14. Kf1 cxd6 15. Bxd6
Qg6 16. Rd1 Qc2 17. Qd2 Qxd2 {1/2-1/2 (17) Onischuk,A (2610)-Baklan,V (2540)
Germany 1998}) 8... Bxc3 $146 (8... Nxd2 9. Qxd2 Qe7 10. O-O-O (10. f4 d6 11.
O-O-O dxe5 12. fxe5 O-O 13. Qd4 Bf5 14. h4 Rfd8 15. Nd5 Qe6 16. Bd3 c6 17. Bxf5
Qxf5 18. Ne7+ Bxe7 19. Qe3 g5 20. Rdf1 Qg6 21. h5 Qe6 22. Qe4 Rd7 23. Rh3 Rad8
24. Rhf3 Rd4 {Westermann,R (1376)-Lammers,M (1265) Oldenburg 2000 0-1}) 10...
O-O 11. Bd3 Qxe5 12. Qc2 Bxc3 13. bxc3 h6 14. Rde1 Qc5 15. Re3 d6 16. Rhe1 Be6
17. Qe2 Bf5 18. g4 Bxd3 19. Qxd3 Qg5 20. Kb2 Qg6 21. Qd2 Rab8 22. a4 a6 23. g5
{Matlewski,A (1685)-Rosicki,M (1776) Szczyrk 2014 1/2-1/2 (46)}) 9. Bxc3 Nxc3
10. bxc3 Qe7 {schon früh steht Schwarz - schon allein wegen der maroden
weissen Bauernstruktur - klar besser.. Schwarz droht Materialgewinn: De7xe5}
11. Qe2 b6 12. Qe4 {Weiß droht Materialgewinn: De4xa8} Rb8 13. Qe2 (13. Bd3
$142 $5 $15 {lohnt die Prüfung}) 13... Bb7 $17 14. h4 O-O 15. O-O-O Rfe8 16.
Qe3 (16. f4 d6 $19) 16... Qa3+ $19 17. Kb1 d6 18. f4 Qa5 {Man merkt dem
Conquistador schon an, dass er ziemliche Probleme hat. Sein Zeitverbrauch
liegt bereits bei 65 Minuten.} 19. Re1 (19. exd6) 19... dxe5 20. fxe5 Re6 21.
Ka1 (21. Rh3 $5 $17) 21... Rbe8 $19 22. Qd2 Rxe5 23. Rxe5 (23. Rd1 g6 $19)
23... Qxe5 24. a3 (24. Bd3 Bxg2 $1 {Doppelangriff: d3/a1} 25. Rg1 $19) 24...
Qe1+ 25. Qxe1 Rxe1+ 26. Ka2 Be4 {und gegen Ld3 nebst Materialgewinn gibt es
kein Rezept mehr. Daher für Weiss aufgegeben.} 0-1

[Event "CB-Emu swiss"]
[Site "?"]
[Date "2017.03.17"]
[Round "1"]
[White "Super Constellation, Novag"]
[Black "Mychess II, C64."]
[Result "1-0"]
[WhiteElo "1980"]
[BlackElo "1600"]
[Annotator "Fritz 15 (60s)"]
[PlyCount "45"]
[EventDate "2017.??.??"]

{A62: Benoni (mit 7.g3)} 1. d4 Nf6 2. c4 c5 3. d5 e6 4. Nc3 exd5 5. cxd5 d6 6.
Nf3 g6 7. g3 Bg7 8. Bg2 O-O 9. O-O Bf5 10. Ng5 $146 (10. Nd2 Re8 (10... Qd7 11.
Re1 (11. Qb3 Na6 12. e4 Bh3 13. Qb5 Bxg2 14. Kxg2 Qe7 15. f3 Nb4 16. Nb3 Nd7
17. Bd2 a6 18. Qe2 Bxc3 19. bxc3 Nxd5 20. c4 Nc7 21. Bh6 Rfd8 22. Na5 Ne6 23.
Nxb7 Nd4 24. Qd2 Rdb8 25. Na5 Ne5 {Gruenfeld,E-Udovcic,M Belgrade 1952 0-1})
11... Bh3 12. a4 Bxg2 13. Kxg2 Na6 14. Nc4 Ng4 15. Bf4 Rad8 16. f3 Ne5 17. Bxe5
Bxe5 {1/2-1/2 (17) Csom,I (2480)-Bilek,I (2490) Budapest 1971}) (10... a6 11.
a4 h6 12. Nc4 g5 13. e4 Bg6 14. a5 Re8 15. Re1 Nh7 16. Qb3 Qc7 17. Nb6 Ra7 18.
Bd2 Nd7 19. Nxd7 Qxd7 20. Na4 Nf6 21. Nb6 Qd8 22. Qc4 Nd7 23. Na4 Ne5 24. Qc2
Nd7 25. Rac1 {Mitev,V (1514)-Lupascu,D (1334) Varna 2013 1/2-1/2}) 11. h3 Na6
12. e4 Bd7 13. a4 Nb4 14. Nc4 Qc7 15. Re1 a6 16. a5 Bb5 17. Nb6 Rad8 18. Nxb5
axb5 19. Qb3 Nd7 20. Be3 Nxb6 21. axb6 Qd7 22. Ra7 Rb8 23. Bd2 Na6 24. Ra1 c4 {
Bennett,M (1852)-Kiripitige,P Adelaide 2013 0-1 (50)}) (10. Nd2 Qd7 $14) 10...
Nbd7 $2 {Leider schon wieder ein viel zu früher Fehler.. . h6 oder De7 wäre
gut gewesen} (10... Na6 $142 $5 $11 {ist zu erwägen}) 11. e4 $16 h6 {zu spät.
Witzigerweise hatte Mychess II den 11. weissen Zug sogar gepondert...} (11...
Bg4 $5 12. f3 h6 $16) 12. exf5 $18 hxg5 13. Bxg5 gxf5 14. Qc2 Qb6 15. Bc1 {
OK, diesen Zug muss ich nicht verstehen... Ein Irrläufer der allseits
bewunderten PSH-Methode des Superconny?} Ne4 16. Nd1 Rae8 17. Ne3 {Sehr
innovativ gespielt. Auf e3 erreicht der Springer mehr als auf c3.} Nef6 (17...
Re5 18. Rd1 $18) 18. Nxf5 Qa6 (18... Ng4 19. h3 Nge5 20. Bg5 $18) 19. Qd2 {
Einfach schön zu sehen, wie der Super-Conny seinen Gegner demontiert...} Kh7
$4 {Autsch. Mit dieser offenen Königsstellung darf man doch die Dame nicht
nach g5 lassen... Wenn schon irgendwas nach h7 stellen, dann doch bitte den
Springer} (19... Nh7 $18) 20. Qg5 Bh8 21. Qh4+ Kg8 22. Bh6 (22. Nh6+ $142 {
und Weiß gewinnt} Kg7 23. Qg5+ Kh7 $18) 22... Re2 $4 {und wieder geht es
unerwartet schnell zu Ende.} (22... Ne5 $18 {würde die Partie unwesentlich
verlängern}) 23. Qg5+ {und der Superconny sagt ein Matt in 4 Zügen an.
Schade, ein wenig mehr hatte ich mir von dem Mychess-Programm mit 40 MHz dann
doch erhofft.} (23. Qg5+ Kh7 24. Bg7 Ng4 25. Bxh8 Rg8 26. Qh5+ Nh6 27. Qxh6#)
1-0